Представление документа в формате RUSMARC

ПолеНазваниеЗначение
  Тип записи a
  Библиографический уровень m
001 Контрольный номер 88d9c083285a464bb2ccb6bffbf95cb0
005 Дата корректировки 20140620093202.5
010 Индекс ISBN __
a ISBN 978-5-9916-3646-9
101 Язык документа 0_
a Язык текста rus
102 Страна публикации __
a Страна публикации RU
200 Заглавие и сведения об ответственности 1_
a Заглавие Инновационный менеджмент
e Сведения, относящиеся к заглавию учеб. для бакалавров
b Общее обозначение материала Текст
f Первые сведения об ответственности А. В. Тебекин
g Последующие сведения об ответственности Ин-т мировой экономики и информатизации
205 Сведения об издании __
a Основные сведения об издании 2-е изд., перераб. и доп.
210 Выходные данные 1_
c Издательство Юрайт
a Место издания Москва
d Дата издания 2014
215 Физическое описание __
a Объем 479, [3] с.
225 Серия 2_
a Серия Бакалавр. Базовый курс
610 Ключевые слова 0_
a Ключевые слова инновации
610 Ключевые слова 0_
a Ключевые слова нововведения
610 Ключевые слова 0_
a Ключевые слова инновационное управление
610 Ключевые слова 0_
a Ключевые слова технопарк
610 Ключевые слова 0_
a Ключевые слова бизнес-инкубатор
610 Ключевые слова 0_
a Ключевые слова инновационные игры
610 Ключевые слова 0_
a Ключевые слова инновационный процесс
610 Ключевые слова 0_
a Ключевые слова инновацинная продукция
686 Индексы других классификаций __
a Классификационный индекс 65.050.9(2)2я73
2 Код системы rubbk
686 Индексы других классификаций __
a Классификационный индекс 65.291.551-21я73
2 Код системы rubbk
700 Автор _1
a Фамилия Тебекин
b Имя А.В.
g Полное личное имя Алексей Васильевич
711 Наименование организации. (Альтернативная ответственность) 02
a Организация/ юрисдикция Ин-т мировой экономики и информатизации
r ИМЭИ
801 Источник записи _0
a Страна RU
b Организация РУК
c Дата составления 20140305
g Правила каталогизации PSBO
801 Источник записи _1
a Страна RU
b Организация РУК
c Дата составления 20140305
g Правила каталогизации PSBO
852 Данные о местонахождении __
i Авторский знак Т 29
j Шифр хранения ББК 65.050
901 Тип документа __
t Тип документа m
938 Служебная информация __
a Название организации Головной вуз
b Имя БД BOOK
c Название АИБС АИБС ИРБИС
952 Тип литературы __
b Гриф литературы для ВШ гриф УМО
c Вид литературы учебник